| 000 | 00887cab a2200253 4500 | ||
|---|---|---|---|
| 001 | ABS60205 | ||
| 008 | 090401t1999 xxu||||| |||| 00| 0 eng d | ||
| 035 | _a(Sirsi) u91583 | ||
| 041 | _aeng | ||
| 100 | _aElson, J. | ||
| 245 | _aUncertainty rules | ||
| 260 | _c1999 | ||
| 350 | _a0 | ||
| 490 |
_aEstates Gazette _v(9907) 20 February 1999, 133(1) |
||
| 520 | _aAgreements once in breach of Article 85 of the Treaty of Rome could become enforceable again if circumstances change so that they are no longer in breach. Agreements including leases could thus be enforceable one day and not the next, a departure from the principle of certainty. (taken from journal headnote.) | ||
| 650 | _aAPPEAL COURT | ||
| 650 | _aEUROPEAN LAW | ||
| 650 | _aLEASES | ||
| 650 | _aPASSMORE V MORLAND PLC | ||
| 650 | _aTREATY OF ROME | ||
| 690 | _aLAW | ||
| 942 | _n0 | ||
| 948 | _c25/02/1999 | ||
| 999 |
_c58150 _d58150 |
||